000 00509nam a22001577a 4500
003 OSt
005 20150611103155.0
008 150611b xxu||||| |||| 00| 0 eng d
040 _aSEKU
050 _aHD 1286
_b.G 85
245 _aGuidelines for establishing revolving fund on community managed water supply schemes and construction of individual household toilets in urban slums
260 _aIndia;
_bWater for Asian cities programme ,
_c2006.
300 _a47p.
600 _xwater supply
942 _2lcc
_cGEN
999 _c3947
_d3947